| 000 | 00723nam a2200241Ia 4500 | ||
|---|---|---|---|
| 003 | OSt | ||
| 005 | 20221006143303.0 | ||
| 006 | a|||||r|||| 00| 0 | ||
| 007 | ta | ||
| 008 | 221006b |||||||| |||| 00| 0 eng d | ||
| 024 | _a8,546 | ||
| 037 | _cTextual | ||
| 040 |
_aEASL _cEASL _beng |
||
| 041 |
_2eng _aeng |
||
| 082 | _aX95,8.42.N80, M2 | ||
| 100 |
_aSHIRAI Taishiro _9649559 |
||
| 245 | 0 | _aRecent trends in industrial relations in Japan | |
| 260 |
_aBerlin _bEast Asian Institute, Free University Berlin _c1982 |
||
| 300 |
_a30p. _ccm. |
||
| 490 | _aSocial and economic research on Modern Japan, No. 18 | ||
| 942 |
_hX95,8.42.N80, M2 _cTEXL _2CC |
||
| 999 |
_c1076632 _d1076632 |
||